00940nam a2200325 a 450000100060000000300080000600500170001400800410003103500190007203500210009104000270011204100080013908200200014710000330016724500470020026000460024730000210029350400500031460000270036460000150039160000150040660000150042160000220043660000270045860000150048565000460050065000100054683000080055683000500056431732BD-RjUL20211209051736.0140421t1952 enk 001 0 eng d a(BD-RjUL)31820 a(OCoLC)863450122 aDLCbengcDLCdBD-RjUL aeng04a185.1bALP 19521 aAllan, D. J.q(Donald James)14aThe philosophy of Aristotle /cD.J. Allan. aLondon :bOxford University Press,c1952. a220 p. ;c18 cm. aincludes Bibliographical reference and index.00aAristotlexPhilosophy.00aAristotle.00aAristotle.00aAristotle.00aAristotlexLogic.00aAristotlexPsychology.00aAristotle. 0aPhilosophy, AncientvEarly works to 1800. 0aSoul. 0v222 0aHome university library of modern knowledge ;